Tres destinos : (Registro nro. 14944)
[ vista simple ]
| 000 -LEADER | |
|---|---|
| fixed length control field | 00943nam a22002657a 4500 |
| 003 - CONTROL NUMBER IDENTIFIER | |
| control field | OSt |
| 005 - DATE AND TIME OF LATEST TRANSACTION | |
| control field | 20250220090646.0 |
| 008 - FIXED-LENGTH DATA ELEMENTS--GENERAL INFORMATION | |
| fixed length control field | 210322b 2015 dr p00| 0 spa d |
| 020 ## - INTERNATIONAL STANDARD BOOK NUMBER | |
| International Standard Book Number | 9789945484144 |
| 040 ## - CATALOGING SOURCE | |
| Original cataloging agency | DO-SdPM |
| Language of cataloging | spa |
| Transcribing agency | BPMSU |
| 082 #4 - DEWEY DECIMAL CLASSIFICATION NUMBER | |
| Classification number | RD861.5 |
| Item number | F316t 2015 |
| Edition number | 22 |
| 100 1# - MAIN ENTRY--PERSONAL NAME | |
| Personal name | Feliz Sena, David Alexander, |
| Dates associated with a name | 1987- |
| 245 10 - TITLE STATEMENT | |
| Title | Tres destinos : |
| Remainder of title | minificción (textos 2009-2010)/ |
| Statement of responsibility, etc. | David Alexander Feliz Sena. |
| 260 ## - PUBLICATION, DISTRIBUTION, ETC. (IMPRINT) | |
| Place of publication, distribution, etc. | San Cristóbal, República Dominicana : |
| Name of publisher, distributor, etc. | Fundación Literaria Aníbal Montaño, |
| Date of publication, distribution, etc. | 2015 |
| 300 ## - PHYSICAL DESCRIPTION | |
| Extent | 59 p. ; |
| Dimensions | 23 cm. |
| 490 0# - SERIES STATEMENT | |
| Series statement | Marca Provincia ; |
| -- | Nuevos narradores sancristobalenses |
| 500 ## - GENERAL NOTE | |
| General note | Incluye datos biográficos del autor en la solapa de la cubierta. |
| 500 ## - GENERAL NOTE | |
| General note | |
| 590 ## - LOCAL NOTE (RLIN) | |
| Local note | Inventariado, 2025 /VM<br/><br/> |
| 650 #4 - SUBJECT ADDED ENTRY--TOPICAL TERM | |
| Topical term or geographic name as entry element | Cuentos juveniles dominicanos |
| 650 #4 - SUBJECT ADDED ENTRY--TOPICAL TERM | |
| Topical term or geographic name as entry element | Literatura juvenil dominicana |
| 650 #4 - SUBJECT ADDED ENTRY--TOPICAL TERM | |
| Topical term or geographic name as entry element | Minificción |
| 910 ## - USER-OPTION DATA (OCLC) | |
| User-option data | VMateo V. Control de calidad BPMSU |
| 942 ## - ADDED ENTRY ELEMENTS (KOHA) | |
| Source of classification or shelving scheme | Dewey Decimal Classification |
| Koha item type | Libros |
No hay ítems disponibles.